000 00577nam a2200241 a 4500
001 nice12345678
003 IN_TiNIC
005 20260116012046.0
008 050524s1891 lona grp 000 0 eng
020 _a
_c100
082 0 0 _a222.13
_bKEL
100 _aKellogg, S H
245 _aBook of Leviticus
_b Commentary.
260 _aLondon
_bHodder & Stoughton
_c1891
300 _a768p
500 _aincludes index and biblioraphy
505 2 _aIndex
650 _aLeviticus-Commentary
700 1 _aKellogg, S H
902 _bSRS
942 _cBK
999 _c5469
_d5469